| 000 | 01930nam a2200253Ia 4500 | ||
|---|---|---|---|
| 008 | 260220t1961||||xx |||||||||||||| ||spa|| | ||
| 040 |
_aPY-SlUNAC _bspa _erda |
||
| 041 | _aspa | ||
| 082 |
_a540 _bC111e |
||
| 100 |
_aCabezas Serra, Miguel _eAutor |
||
| 245 | 0 |
_aElementos de química : _bcon problemas y experiencias de laboratorio / _cpor Miguel Cabezas Serra [Autor] |
|
| 250 | _aQuinta edición | ||
| 264 |
_aBarcelona : _bCabezas-Serra, _c℗1961. |
||
| 300 | _a366 páginas | ||
| 520 | _a"Elementos de química" de Miguel Cabezas Serra es una obra fundamental que aborda los principios básicos de la química, integrando teoría y práctica mediante problemas y experiencias de laboratorio. A lo largo del texto, el autor presenta conceptos esenciales como la estructura atómica, enlaces químicos, reacciones y estequiometría, en un formato accesible para estudiantes de química. Cabezas Serra enfatiza el aprendizaje práctico, proporcionando una serie de experimentos que permiten a los lectores aplicar los conocimientos adquiridos en un entorno de laboratorio. La obra también incluye problemas resueltos y ejercicios propuestos, diseñados para reforzar la comprensión de los temas tratados. Este enfoque didáctico busca no solo informar, sino también incentivar el pensamiento crítico y la curiosidad científica. Con una clara estructura organizativa y un lenguaje claro, el libro se convierte en una herramienta valiosa para estudiantes y educadores, facilitando el aprendizaje de la química de manera efectiva y atractiva. Su publicación en 1961 marca un aporte significativo a la educación científica en el ámbito hispanohablante. | ||
| 653 | _aEducación científica | ||
| 653 | _aExperimentos | ||
| 653 | _aQuímica | ||
| 942 |
_b2026/02/17 _cBK |
||
| 999 |
_c7834 _d7834 |
||